000 00382nam a2200169Ia 4500
001 14321
005 20260306164905.0
008 260306t9999||||xx |||||||||||||| ||spa||
041 _aESP
082 _a511.3
_bL68
100 _aLiu, C. L.
_eAUT
245 0 _aElementos de matemáticas discretas
300 _a
_c
650 _aGEN
654 _aCMA
942 _cLIB
_dJUS
_fJUS
_2ddc
_n
999 _c14321
_d14321